banner koha

Comparação das técnicas de SSCP, DS-PCR, PCR-RFLP para detecção de mutação no gene mitocondrial 16S RRNA em populações de Melipona rufiventris (Registro n. 176215)

MARC details
000 -LÍDER
campo de controle de tamanho fixo 01040nas a2200337 4500
001 - NÚMERO DE CONTROLE
campo de controle BR0304648
003 - IDENTIFICADOR DO NÚMERO DE CONTROLE
campo de controle BR-BrBNA
005 - DATA E HORÁRIO DA ÚLTIMA TRANSAÇÃO
campo de controle 20231205104056.0
007 - CAMPO FIXO DE DESCRIÇÃO FÍSICA--INFORMAÇÃO GERAL
campo de controle de tamanho fixo ta
008 - CAMPO DE DADOS FIXOS--INFORMAÇÃO GERAL
campo de controle de tamanho fixo 230509b bl.|||p| |||| 00| 00por d
040 ## - FONTE DA CATALOGAÇÃO
Instituição da catalogação original BR-BrBNA
Idioma da catalogação por
Instituição que transcreveu o registro Biblioteca Nacional de Agricultura
041 ## - CÓDIGO DE IDIOMA
Código do idioma do texto/trilha sonora ou título diferente (Pt)
072 ## - CÓDIGO DE CATEGORIA DE ASSUNTO
Código de Categoria de Assunto L10
100 1# - ENTRADA PRINCIPAL--NOME PESSOAL
Nome pessoal Sousa, C.S. de
100 1# - ENTRADA PRINCIPAL--NOME PESSOAL
Nome pessoal Kerr, W.E.
100 1# - ENTRADA PRINCIPAL--NOME PESSOAL
Nome pessoal Bonetti, A.M.
100 1# - ENTRADA PRINCIPAL--NOME PESSOAL
Nome pessoal Souza, C.S. de
100 1# - ENTRADA PRINCIPAL--NOME PESSOAL
Nome pessoal Santana, F.A.
100 1# - ENTRADA PRINCIPAL--NOME PESSOAL
Nome pessoal Goulart, L.R.
100 1# - ENTRADA PRINCIPAL--NOME PESSOAL
Nome pessoal Oliveira, R. de C.
100 1# - ENTRADA PRINCIPAL--NOME PESSOAL
Nome pessoal Vieira, C.U.
100 1# - ENTRADA PRINCIPAL--NOME PESSOAL
Nome pessoal Vasconcelos, S.M.
245 1# - TÍTULO
Título Comparação das técnicas de SSCP, DS-PCR, PCR-RFLP para detecção de mutação no gene mitocondrial 16S RRNA em populações de Melipona rufiventris
650 ## - ASSUNTO--TERMO TÓPICO
Cabeçalho tópico ou nome geográfico ABELHA
650 ## - ASSUNTO--TERMO TÓPICO
Cabeçalho tópico ou nome geográfico MUTAÇÃO
650 ## - ASSUNTO--TERMO TÓPICO
Cabeçalho tópico ou nome geográfico MARCADOR MOLECULAR
650 ## - ASSUNTO--TERMO TÓPICO
Cabeçalho tópico ou nome geográfico MITOCONDRIA
773 0# - ENTRADA ANALÍTICA
Título Bioscience Journal (Brazil)
ISSN - International Standard Serial Number ISSN 1516-3725
Partes relacionadas (Jan-Apr 2003), v. 19(1) p. 65-70
Número de controle do registro BR0304648
909 ## -
-- 202311
-- Lúcia
-- 55
-- Lúcia Elande
942 ## - ELEMENTOS DE ENTRADA ADICIONADOS (KOHA)
Fonte da classificação ou esquema de arquivamento na estante Classificação AGRIS
Ocultar no OPAC Não
Tipo de material Koha Analítica
Exemplares
Situação do descarte Fonte da classificação ou esquema de arquivamento na estante Situação física Não pode ser emprestado Biblioteca de origem Biblioteca atual Localização na estante Enumeração do periódico / cronologia Total de empréstimos Data de último acesso Número do exemplar Tipo de material Koha Fonte de aquisição
  Classificação AGRIS   Consulta local Biblioteca Nacional de Agricultura - Binagri Biblioteca Nacional de Agricultura - Binagri   (Jan-Apr 2003), v. 19(1) p. 65-70   29/11/2023 01 Periódicos Portaria Interministerial nº 164/94

BINAGRI

Telefone: (61)3218-2567/2388/3357/2097 - binagri@agro.gov.br

Ministério da Agricultura e Pecuária , Esplanada dos Ministérios, Bloco D, Anexo B, Brasília/DF, CEP: 70.043-900